[Event "RUS-chT Rapid Men 2018"]
[Site "Sochi"]
[Date "2018.10.08"]
[Round "3"]
[White "Antipov, Mikhail Al."]
[Black "Motylev, Alexander"]
[Result "1-0"]
[WhiteElo "2593"]
[BlackElo "2661"]
[Annotator "TA"]
[PlyCount "166"]
[EventDate "2018.10.05"]
[EventType "swiss"]
[EventCountry "RUS"]
[SourceTitle "playchess.com"]
[Source "ChessBase"]
[SourceQuality "1"]

{[%evp 11,166,17,6,7,10,9,32,22,15,0,0,0,4,-8,-10,-14,2,-52,-32,-36,-30,-44,-28,-37,-30,-29,-29,-17,0,0,0,0,0,-9,0,0,42,-35,0,0,4,8,61,61,64,59,68,0,0,0,0,0,0,0,0,0,0,0,0,0,0,0,0,0,0,0,0,0,0,0,0,0,0,0,0,0,0,0,0,0,0,0,2,0,34,33,79,6,6,6,7,7,8,8,8,14,50,25,58,4,8,0,0,0,5,0,0,0,0,0,0,0,0,0,6,5,19,5,39,0,24,0,0,0,0,0,0,0,0,0,0,0,0,0,8,8,19,10,11,14,34,41,63,63,347,347,938,920,762,739,724,702,916,677,29975,29975,29985]} 1. Nf3 d5 2. d4 Nf6 3. c4 c6 4. e3 Bg4 5. h3 Bf5 (5... Bxf3 6. Qxf3 e6 7. Nc3 Bb4 8. Bd3 O-O 9. O-O Nbd7 10. Qd1 Qe7 11. Qb3 Rab8 12. c5 Ba5 13. Qa4 Bc7 14. f4 a5 15. a3 {1-0 (65) Vidit,S (2718)-Shankland,S (2727) Danzhou 2018}) 6. Nc3 {D11: Slav Defence: 3 Nf3 sidelines and 3...Nf6 4 e3 Bg4} e6 {LiveBook: 19 Games} 7. Nh4 Be4 8. Be2 {The position is equal.} Nbd7 (8... h6 {with more complications.} 9. O-O Nbd7 10. Nf3 Bh7 11. Re1 Bd6) 9. O-O (9. f3 {seems wilder.} Bg6 10. cxd5 cxd5 11. O-O Qb6 12. Bb5) 9... h6 $146 ({Predecessor:} 9... Bd6 10. f3 Bg6 11. cxd5 cxd5 12. Qb3 Qb6 13. Qxb6 Nxb6 14. Nxg6 hxg6 {1-0 (29) Vichnar,D (2344)-Constantinou,P (2280) Czech Republic 2017}) 10. Nxe4 dxe4 11. g3 $1 Bd6 12. b4 Bxb4 13. Rb1 c5 14. dxc5 (14. d5 $11) 14... Bxc5 15. Rxb7 O-O 16. Rb5 a6 17. Rb1 Qc7 18. Bb2 g5 19. Ng2 Ne5 20. Qc2 Rfc8 21. Rfd1 {Strongly threatening Qc3.} Be7 22. Rbc1 Rab8 23. c5 Nf3+ 24. Kh1 (24. Bxf3 $1 $14 exf3 25. Ne1) 24... Qc6 25. Ne1 Nxe1 26. Rxe1 Nd5 (26... Qxc5 $11 27. Qxc5 Rxc5 28. Rxc5 Rxb2) 27. Be5 $14 Nb4 28. Qc4 $1 Rb5 29. Kh2 (29. Bd6 $1 $14 Bf8 30. a4) 29... Nd3 30. Bxd3 Rxc5 31. Qxe4 Qxe4 32. Rxc5 Rxc5 33. Bxe4 Rxe5 $11 {[%mdl 4096] Endgame KRB-KRB} 34. Bd3 Ra5 35. Re2 Ra3 36. Bc4 Bb4 37. Rb2 a5 38. Bb3 Kg7 39. Kg2 Be7 40. Rd2 a4 41. Bd1 Bf6 42. Bh5 {With the idea Rd7.} Be7 43. Bd1 Kf6 44. Kf3 h5 45. Ke4 h4 46. gxh4 gxh4 47. Kd4 Bd6 48. Kc4 Be5 49. Rc2 ({White should play} 49. Kb4 $16 Bc3+ 50. Kxa3 Bxd2 51. Bh5) 49... Ke7 50. Kb4 Bd6+ 51. Kb5 f5 52. Re2 Rc3 53. Bxa4 f4 54. Bb3 fxe3 55. fxe3 ({White should try} 55. Rxe3 $14 Rxe3 56. fxe3) 55... Bc5 56. e4 Bd4 57. Rh2 $1 Re3 58. Bc2 Be5 59. Rh1 Re2 60. Bb1 Rb2+ 61. Kc6 Rb4 62. Rd1 Bd4 {[#] aiming for ...Kd8.} 63. Bd3 Rb6+ 64. Kc7 Rb2 65. Bc4 e5 (65... Bf2 {is interesting.} 66. Bb3 Bg3+ 67. Kc6 Rh2 68. Rd3 Rxh3 69. e5 Rh1) 66. Bd5 (66. Bb3 {looks sharper.} Rf2 67. Rg1 Kf6 68. Rg4 Rf4 69. Bd1) 66... Rc2+ 67. Kb7 Rc3 68. Rh1 Kd6 69. Ka6 Kc5 70. a4 Ra3 71. Rc1+ Bc3 72. Kb7 {[#] And now a5 would win.} Kd4 73. Bc6 Bd2 74. Rh1 Rb3+ 75. Kc7 Kc5 76. Rd1 Rb2 77. Kd7 Kd4 $2 {[%mdl 8192]} (77... Kb4 $14) 78. a5 $18 {[%cal Ba4a5,Ba5a6,Ba6a7][%mdl 32]} Ke3 $2 (78... Kc4 79. a6 Be3) 79. Ra1 Bb4 80. a6 {Black must now prevent a7.} Bc5 81. a7 Rd2+ 82. Ke6 Rd6+ 83. Kxe5 Rh6 {Precision: White = 61%, Black = 50%.} 1-0

[Event "RUS-chT Rapid Men 2018"]
[Site "Sochi"]
[Date "2018.10.08"]
[Round "3"]
[White "Maletin, Pavel"]
[Black "Inozemtsev, Sergei"]
[Result "1-0"]
[WhiteElo "2586"]
[BlackElo "2310"]
[Annotator "TA"]
[PlyCount "102"]
[EventDate "2018.10.05"]
[EventType "swiss"]
[EventCountry "RUS"]
[SourceTitle "playchess.com"]
[Source "ChessBase"]
[SourceQuality "1"]

{[%evp 16,102,33,34,82,81,81,81,95,81,82,68,74,77,64,66,70,63,59,54,54,58,60,60,64,52,62,62,74,71,64,63,63,63,90,82,79,59,64,23,33,22,35,10,9,0,0,0,14,0,0,0,12835,12836,12836,12837,12839,12839,12840,12840,12841,12841,12841,12842,12842,12843,12843,12843,12844,12844,12845,12845,12845,12846,12847,12847,12848,12848,12849,12849,12850,12850,12850,29987,12851,29988,12851,29988,29988]} 1. c4 Nf6 2. g3 e6 3. Bg2 d5 4. Nf3 c5 5. O-O dxc4 6. Na3 Nc6 7. Nxc4 Be7 8. b3 O-O 9. Bb2 {LiveBook: 104 Games} a6 {A13: English Opening: 1...e6} (9... Bd7 10. d4 cxd4 11. Nxd4 Rc8 12. Nb5 a6 13. Nbd6 Rc7 14. Rc1 Qb8 15. e4 b5 16. e5 Nd5 17. Bxd5 exd5 {1-0 (31) Wei,Y (2743)-Yu,Y (2751) Shenzhen 2017}) 10. d4 Bd7 $146 ({Predecessor:} 10... cxd4 11. Nxd4 Nd5 12. e4 Ndb4 13. Nxc6 Nxc6 14. Qxd8 Rxd8 15. Rfd1 b5 16. Nb6 Rb8 17. Rxd8+ Nxd8 18. Nxc8 Rxc8 {½-½ (27) Brancaleoni,M (2275)-Simonetto,A (2173) Alessandria 2018}) 11. dxc5 Bxc5 {White is better.} 12. Nfe5 Rc8 13. Nxd7 Qxd7 14. Qxd7 Nxd7 15. Rfd1 Ndb8 16. Nd6 Bxd6 $1 17. Rxd6 Rfd8 18. Rad1 Rxd6 19. Rxd6 Rd8 20. Rxd8+ Nxd8 $14 {[%mdl 4096] Endgame KBB-KNN} 21. f4 Ndc6 22. Kf2 f6 23. Ke3 Kf7 24. g4 h6 25. h4 Nd7 26. Bc3 Ke7 27. Kd2 Kd6 28. e3 Nb6 29. a3 Nd5 30. Be4 (30. Bxd5 {keeps more tension.} Kxd5 31. Kd3 b5 32. e4+ Kc5 33. Be1) 30... Nxc3 31. Kxc3 g5 (31... b5 {is more complex.} 32. b4 Ne7 33. Bb7 Kc7 34. Bf3 Kd6) 32. hxg5 hxg5 33. Bxc6 bxc6 $2 {[%mdl 8192]} (33... Kxc6 $11 34. Kd4 Kd6) 34. fxg5 $18 fxg5 $11 {KP-KP} 35. Kd4 c5+ {[#]} 36. Ke4 $1 Kd7 37. Ke5 Ke7 38. e4 Kd7 39. Kf6 Kd6 40. Kxg5 Ke5 41. Kh6 a5 42. a4 Kd4 43. g5 Kc3 44. g6 Kxb3 $18 {K3P-K3P} 45. g7 c4 46. g8=Q c3 47. Qxe6+ Kb2 48. Qb6+ Kc1 49. Qxa5 c2 50. Qc3 Kd1 {[#]} 51. Qxc2+ $1 Kxc2 {Precision: White = 68%, Black = 61%.} 1-0

[Event "RUS-chT Rapid Men 2018"]
[Site "Sochi"]
[Date "2018.10.08"]
[Round "3"]
[White "Bocharov, Ivan"]
[Black "Ozgibcev, Anatoly"]
[Result "1-0"]
[WhiteElo "2563"]
[BlackElo "2368"]
[Annotator "RC"]
[PlyCount "111"]
[EventDate "2018.10.05"]
[EventType "swiss"]
[EventCountry "RUS"]
[SourceTitle "playchess.com"]
[Source "ChessBase"]
[SourceQuality "1"]
[TimeControl "900+10"]

1. e4 {[%emt 0:00:00]} e5 {[%emt 0:00:00]} 2. Bc4 {[%emt 0:00:00]} Nf6 {[%emt 0:00:06]} 3. d3 {[%emt 0:00:00]} Nc6 {[%emt 0:00:09]} 4. Nf3 {[%emt 0:00:00]} Be7 {[%emt 0:00:04]} 5. O-O {[%emt 0:00:00]} O-O {[%emt 0:00:02]} 6. Re1 {[%emt 0:00:00]} d6 {[%emt 0:00:02]} 7. a4 {[%emt 0:00:00]} Be6 {[%emt 0:00:23]} 8. Nbd2 {[%emt 0:00:05]} Bxc4 {[%emt 0:00:06]} 9. Nxc4 {[%emt 0:00:01]} Re8 {[%emt 0:00:23]} 10. a5 {[%emt 0:00:22]} a6 {[%emt 0:00:03]} 11. c3 {[%emt 0:00:04]} h6 {[%emt 0:00:42]} 12. Qb3 {[%emt 0:00:35]} Rb8 {[%emt 0:00:10]} 13. Ne3 {[%emt 0:00:16]} Bf8 {[%emt 0:01:29]} 14. Nf5 {[%emt 0:01:07]} Qd7 {[%emt 0:00:26]} 15. c4 {[%emt 0:02:00]} Nd8 {[%emt 0:02:57]} 16. Be3 {[%emt 0:00:46]} c6 {[%emt 0:00:58]} 17. Qc2 {[%emt 0:03:59]} c5 {[%emt 0:01:11]} 18. Qd2 {[%emt 0:01:19]} Nc6 {[%emt 0:00:22]} 19. h3 {[%emt 0:00:04]} b6 {[%emt 0:01:15]} 20. axb6 {[%emt 0:00:02]} Rxb6 {[%emt 0:00:01]} 21. Qe2 {[%emt 0:02:52]} a5 {[%emt 0:01:24]} 22. Bc1 {[%emt 0:00:14]} Ra8 {[%emt 0:00:40]} 23. Nd2 {[%emt 0:01:30]} g6 {[%emt 0:01:20]} 24. Ne3 {[%emt 0:00:01]} Nd4 {[%emt 0:00:01]} 25. Qd1 {[%emt 0:00:01]} Bg7 {[%emt 0:00:58]} 26. Nd5 {[%emt 0:00:16]} Rb7 {[%emt 0:00:22]} 27. Ra3 {[%emt 0:00:35]} h5 {[%emt 0:00:30]} 28. Nb1 {[%emt 0:01:01]} Nxd5 {[%emt 0:00:41]} 29. cxd5 {[%emt 0:00:01]} Bf6 {[%emt 0:00:55]} 30. Nd2 {[%emt 0:00:05]} Bd8 {[%emt 0:00:04]} 31. Nc4 {[%emt 0:00:02]} a4 {[%emt 0:00:18]} 32. Be3 {[%emt 0:00:06]} Nb3 {[%emt 0:00:14]} 33. f4 {[%emt 0:00:13]} exf4 {[%emt 0:00:09]} 34. Bxf4 {[%emt 0:00:01]} Be7 {[%emt 0:00:02]} 35. Rf1 {[%emt 0:00:14]} Ra6 {[%emt 0:00:22]} 36. Qf3 {[%emt 0:01:09]} Nd4 {[%emt 0:00:05]} 37. Qf2 {[%emt 0:00:05]} Bf8 {[%emt 0:00:13]} 38. Kh1 {[%emt 0:00:35]} Bg7 {[%emt 0:00:13]} 39. Raa1 {[%emt 0:00:19]} Rb3 {[%emt 0:00:06]} 40. Rad1 {[%emt 0:00:09]} Nb5 {[%emt 0:00:15]} 41. Rd2 {[%emt 0:00:50]} a3 {[%emt 0:00:19]} 42. bxa3 {[%emt 0:00:01]} Nxa3 {[%emt 0:00:02]} 43. Ne3 {[%emt 0:00:41]} Nb5 {[%emt 0:00:10]} 44. Qh4 {[%emt 0:00:06]} Rba3 {[%emt 0:00:31]} 45. Nc4 {[%emt 0:00:05]} Ra1 {[%emt 0:00:16]} 46. Rdf2 {[%emt 0:00:10]} Rxf1+ 47. Rxf1 Ra7 {[%emt 0:01:02]} 48. Qg3 {[%emt 0:00:03]} Ra6 {[%emt 0:00:05]} 49. Bg5 {[%emt 0:00:02]} Bf8 {[%emt 0:00:13]} 50. Bf6 {[%emt 0:00:04]} Qa7 {[%emt 0:00:07]} 51. Qh4 {[%emt 0:00:24]} Ra2 {[%emt 0:00:15]} 52. g4 {[%emt 0:00:15]} Re2 {[%emt 0:00:10]} 53. gxh5 {[%emt 0:00:04]} Qa2 {[%emt 0:00:01]} 54. Qg3 {[%emt 0:00:00]} Kh7 {[%emt 0:00:04]} 55. hxg6+ {[%emt 0:00:26]} fxg6 {[%emt 0:00:01]} 56. Rg1 {[%emt 0:00:03]} 1-0

[Event "RUS-chT Rapid Men 2018"]
[Site "Sochi"]
[Date "2018.10.08"]
[Round "3"]
[White "Savchenko, Boris"]
[Black "Shcherbakov, Ruslan"]
[Result "1-0"]
[WhiteElo "2562"]
[BlackElo "2516"]
[Annotator "ChessBase"]
[PlyCount "43"]
[EventDate "2018.10.05"]
[EventType "swiss"]
[EventCountry "RUS"]
[SourceTitle "playchess.com"]
[Source "ChessBase"]
[SourceQuality "1"]
[TimeControl "900+10"]

1. e4 {[%emt 0:00:00]} e5 {[%emt 0:00:00]} 2. f4 {[%emt 0:00:00]} d5 {[%emt 0:00:25]} 3. exd5 {[%emt 0:00:00]} exf4 {[%emt 0:00:02]} 4. Nf3 {[%emt 0:00:01]} Nf6 {[%emt 0:00:09]} 5. Bb5+ {[%emt 0:00:02]} c6 {[%emt 0:01:28]} 6. dxc6 {[%emt 0:00:03]} Nxc6 {[%emt 0:00:12]} 7. d4 {[%emt 0:00:02]} Bd6 {[%emt 0:00:57]} 8. O-O {[%emt 0:00:12]} O-O {[%emt 0:00:18]} 9. c3 {[%emt 0:00:05]} Nd5 {[%emt 0:01:54]} 10. Re1 {[%emt 0:01:37]} Bg4 {[%emt 0:00:26]} 11. Bd3 {[%emt 0:00:07]} Qf6 {[%emt 0:00:21]} 12. Nbd2 {[%emt 0:00:09]} Qh6 {[%emt 0:02:43]} 13. h3 {[%emt 0:03:31]} Bh5 {[%emt 0:01:11]} 14. Ne4 {[%emt 0:02:35]} Bc7 {[%emt 0:00:17]} 15. Qe2 {[%emt 0:02:23]} Rae8 {[%emt 0:00:32]} 16. Qf2 {[%emt 0:00:03]} Ne3 {[%emt 0:01:21]} 17. Bxe3 {[%emt 0:01:54]} fxe3 {[%emt 0:00:02]} 18. Rxe3 {[%emt 0:00:04]} Bf4 {[%emt 0:03:48]} 19. Ree1 {[%emt 0:01:20]} f5 {[%emt 0:00:02]} 20. Bc4+ {[%emt 0:00:38]} Bf7 {[%emt 0:01:00]} 21. Bxf7+ {[%emt 0:00:05]} Rxf7 {[%emt 0:00:03]} 22. Nf6+ {[%emt 0:00:02]} 1-0

[Event "RUS-chT Rapid Men 2018"]
[Site "Sochi"]
[Date "2018.10.08"]
[Round "3"]
[White "Shariyazdanov, Andrey"]
[Black "Kryakvin, Dmitry"]
[Result "1/2-1/2"]
[WhiteElo "2526"]
[BlackElo "2595"]
[Annotator "TA"]
[PlyCount "42"]
[EventDate "2018.10.05"]
[EventType "swiss"]
[EventCountry "RUS"]
[SourceTitle "playchess.com"]
[Source "ChessBase"]
[SourceQuality "1"]

{[%evp 25,26,56,68]} 1. Nf3 Nf6 2. c4 e6 3. Nc3 Bb4 4. Qc2 c5 5. a3 Ba5 6. e3 O-O 7. d4 b6 8. Be2 Bb7 9. O-O Bxc3 10. Qxc3 d6 11. b4 Ne4 12. Qc2 Nd7 13. Bb2 f5 {[#]} {Predecessor:} 14. Rfd1 $146 Qe7 15. dxc5 bxc5 16. Nd2 Qh4 17. Nxe4 fxe4 18. Bf1 d5 19. cxd5 Bxd5 20. b5 Rf5 21. Rd2 Rh5 {1-0 (35) Nyzhnyk,I (2628)-Feng,R (2327) Phoenix 2015} 1/2-1/2

[Event "RUS-chT Rapid Men 2018"]
[Site "Sochi"]
[Date "2018.10.08"]
[Round "3"]
[White "Demidov, Mikhail"]
[Black "Shkurkin, Andrey"]
[Result "1/2-1/2"]
[WhiteElo "2514"]
[BlackElo "2201"]
[Annotator "TA"]
[PlyCount "165"]
[EventDate "2018.10.05"]
[EventType "swiss"]
[EventCountry "RUS"]
[SourceTitle "playchess.com"]
[Source "ChessBase"]
[SourceQuality "1"]

{[%evp 24,164,27,0,19,23,56,15,23,-14,0,-9,-16,-18,-13,-9,353,341,300,17,16,53,53,25,29,8,63,87,494,0,0,0,0,0,0,0,0,0,0,0,0,0,0,0,0,-8,0,-22,8,0,0,0,0,0,0,0,0,0,0,-8,0,0,0,-257,0,0,0,0,0,0,0,0,0,0,0,0,0,0,0,0,8,8,8,8,8,8,8,8,8,8,8,8,8,8,8,8,8,8,8,8,8,0,8,0,0,0,0,0,8,0,8,0,8,8,8,0,8,0,8,0,8,8,8,0,0,0,0,0,0,0,0,0,0,0,0,0,0,0,0,0,0,0,0]} 1. Nf3 c5 2. g3 Nc6 3. Bg2 g6 4. O-O Bg7 5. d3 d5 6. Nbd2 Nf6 7. e4 O-O 8. exd5 Nxd5 9. Re1 {A08: King's Indian Attack} e6 10. Nc4 (10. a3 b6 11. Rb1 Bb7 12. Ne4 a5 13. h4 h6 14. a4 Qc7 15. c3 Rad8 16. Bd2 Ba6 {1-0 (53) Sasikiran,K (2639)-Bruzon Batista,L (2659) Berlin 2015}) 10... b6 11. a4 Bb7 12. h4 Qc7 13. c3 {[#] LiveBook: 4 Games} Rfd8 $146 ({Predecessor:} 13... h6 14. Qb3 Rab8 15. a5 Rfd8 16. axb6 axb6 17. Bd2 Ba8 18. d4 cxd4 19. cxd4 b5 20. Nce5 Nxe5 21. Nxe5 {½-½ (38) Burlacu,B (2319)-Polak,T (2513) Austria 2018}) 14. h5 a6 15. hxg6 (15. h6 {keeps more tension.} Bh8 16. Bg5 Rd7 17. Qb3 Rb8 18. Re2) 15... hxg6 16. Ng5 b5 17. axb5 axb5 18. Rxa8 Bxa8 (18... Rxa8 $2 {is the wrong capture.} 19. Bxd5 Ra1 20. Bxe6 $1 $18 {[%mdl 512]}) 19. Ne3 {aiming for Nxd5.} b4 $2 {[%mdl 8192]} (19... Ne5 $11 {and Black stays safe.}) 20. Nxd5 $18 exd5 {[#]} 21. Bxd5 $1 {[%mdl 512]} Rxd5 $11 22. Re8+ Bf8 23. Rxa8 {Hoping for Qf3.} (23. Ne4 $5 {[%cal Re4f6]} Ne5 24. Bf4 $16 (24. Rxa8 Qc6 $11)) 23... Ne5 $1 24. Bf4 Qb7 (24... Qc6 $1 $11 25. Qa1 Nxd3) 25. Qa4 $14 Qd7 $2 {[%mdl 8192]} (25... Rxd3 $16 {is a better chance.} 26. Bxe5 Qd5) 26. Bxe5 $2 (26. c4 $18 Qxa4 27. Rxa4 Nxc4 28. dxc4 Rd1+ 29. Kg2) 26... Qxa4 $11 27. Rxa4 Rxe5 $18 {[%mdl 4096] Endgame KRB-KRN} 28. Ne4 c4 29. f4 Re6 30. Kf2 {And now Ng5 would win.} (30. cxb4 $2 cxd3 31. Nf2 Re1+ 32. Kg2 d2 $19) 30... bxc3 31. bxc3 cxd3 32. Kf3 f5 33. Nf2 Bc5 34. Nd1 Re2 35. Ra5 Bb6 36. Rb5 Bg1 37. Rb2 Rc2 38. g4 fxg4+ 39. Kxg4 Kf7 40. Kf3 Ke6 41. Rb1 Re2 {Threatens to win with ...Re1.} 42. Nb2 Ba7 43. Nd1 $2 {[%mdl 8192]} (43. Ra1 $11 {and White has nothing to worry.}) 43... Bg1 $2 ({Better is} 43... Re1 $19 {...Bg1 is the strong threat.} 44. Rb7 Bc5) 44. Rb2 {The position is equal.} Rc2 (44... Rxb2 {with more complications.} 45. Nxb2 d2 46. Ke2 Kf5 47. Kxd2 Kxf4 48. Nd3+ Kg3) 45. Ke4 Re2+ 46. Kxd3 Rxb2 47. Nxb2 $11 {KB-KN} Kf5 48. Ke2 Kxf4 49. Nd3+ Kg3 50. Ne5 g5 51. Nf3 Bc5 (51... g4 {is interesting.} 52. Nxg1 Kg2 53. c4 Kxg1 54. c5 g3) 52. Nxg5 {Strongly threatening Ne4+.} Kg4 53. Ne6 Bd6 54. Kd3 Kf5 55. Nd4+ Ke5 56. Kc4 Bf8 57. Nc6+ Kd6 58. Kb5 Bg7 59. c4 Kc7 60. Ne7 Bd4 61. Nf5 Bf2 62. Kb4 Kc6 63. Kc3 Kc5 64. Kd3 Bg1 65. Ng3 Kc6 66. Ne2 Bc5 67. Ng3 Bg1 68. Kc3 Bc5 69. Nh5 Kd6 70. Kd3 Kc6 71. Ng3 Bg1 72. Ne4 Bc5 73. Nxc5 Kxc5 {KP-K} 74. Kc3 Kc6 75. Kd4 Kd6 76. c5+ {[%cal Bc4c5,Bc5c6,Bc6c7][%mdl 32]} Kc6 77. Kc4 Kc7 $2 {[%mdl 8192]} (77... Kd7) 78. Kb5 Kb7 79. c6+ Kc7 80. Kc5 Kc8 81. Kd6 {Threatening mate with c7.} Kd8 82. c7+ Kc8 83. Kc6 {Precision: White = 49%, Black = 53%.} 1/2-1/2

[Event "RUS-chT Rapid Men 2018"]
[Site "Sochi"]
[Date "2018.10.08"]
[Round "3"]
[White "Triapishko, Alexandr"]
[Black "Basiev, Valeriy P."]
[Result "1-0"]
[WhiteElo "2508"]
[BlackElo "1990"]
[Annotator "TA"]
[PlyCount "117"]
[EventDate "2018.10.05"]
[EventType "swiss"]
[EventCountry "RUS"]
[SourceTitle "playchess.com"]
[Source "ChessBase"]
[SourceQuality "1"]

{[%evp 9,117,52,49,35,74,56,62,56,49,54,94,93,93,78,81,85,85,83,91,91,89,89,92,89,87,91,94,90,89,91,87,71,84,79,108,84,84,79,77,81,101,88,143,141,205,197,209,202,165,139,135,128,264,243,265,270,383,342,337,243,286,278,284,277,326,328,316,307,333,313,385,376,391,391,422,366,351,340,370,343,330,333,808,765,738,611,580,562,659,634,29973,29974,29973,29974,29972,5808,5402,1563,3141,1366,29984,29985,29982,29983,29992,29991,29993,29994,29994,29995]} 1. Nf3 d6 2. d4 f5 3. Nc3 d5 4. Bf4 Nf6 5. e3 e6 6. Nb5 $146 {A80: Dutch Defence: Unusual White second moves} ({Predecessor:} 6. Bd3 Bd6 7. Ne2 O-O 8. O-O Bd7 9. c4 Nc6 10. c5 Be7 {0-1 (46) Karpov,A (2760)-Lobron,E (2570) Frankfurt 1997}) 6... Na6 7. Bd3 c6 8. Nc3 {[%cal Bb5c3,Bc3a4,Ba4b6][%mdl 32] White is slightly better.} Nc7 9. O-O a6 10. Na4 Bd6 11. Be5 O-O 12. Nb6 Rb8 13. c4 dxc4 14. Nxc4 Bxe5 15. Nfxe5 Ncd5 16. Rc1 Bd7 17. Qd2 Qe7 18. Qa5 Be8 19. Qc5 Qc7 20. Qd6 (20. Bc2 {seems wilder.} Rd8 21. Rfe1 g5 22. Qa3 Bh5 23. Nd3) 20... Qxd6 21. Nxd6 Nd7 22. Nec4 {[%cal Be5c4,Bc4a5,Ba5c6][%mdl 32]} c5 23. Na5 cxd4 24. exd4 Nf4 {[#]} 25. Rfd1 $1 Nxd3 ({Black should play} 25... b5) 26. Rxd3 $16 b5 (26... Nb6 $16 27. Naxb7 Bb5) 27. Nc6 $18 Ra8 28. Re3 Rf6 29. d5 e5 30. Nxf5 Kf7 (30... Kf8 $16) 31. Nxe5+ Nxe5 32. Rxe5 Bd7 (32... Kf8 $142 33. Ne3 Rd6) 33. Rc7 Rd8 34. Ne3 Kf8 35. f3 a5 36. a3 a4 37. Kf2 Rf4 38. Re4 Rf6 39. Rb7 Rd6 40. g4 Rc8 41. Kg3 Rc1 42. Rf4+ Ke8 43. Rb8+ Ke7 44. Nf5+ Bxf5 45. Rxf5 {[%mdl 4096] Endgame KRR-KRR} ({Less strong is} 45. gxf5 Rxd5 46. Rb7+ Kf6 $16) 45... Rc5 $2 (45... g6) 46. Rb7+ Ke8 47. Re5+ Kf8 48. Ree7 Rg6 {[#]} 49. d6 $1 {White wants to mate with Rb8+.} Rxd6 50. Rf7+ Ke8 51. Rxg7 {[%cal Rg7g8]} Kf8 52. Rxh7 (52. Rbf7+ $142 Ke8 53. Ra7 Kf8 54. Rxh7 Kg8 55. Rhb7 Rdc6 56. Ra8+ Rc8 57. Rxc8+ Rxc8 58. Rxb5) 52... Kg8 53. Rbg7+ Kf8 54. h4 {[%cal Bh2h4,Bh4h5,Bh5h6][%mdl 32]} Rd1 55. Rb7 {[%cal Rh7h8] White mates.} Kg8 56. h5 Rb1 57. Rbg7+ Kf8 58. h6 {[%cal Rh7h8]} Rg1+ 59. Kf2 {Precision: White = 68%, Black = 35%.} 1-0

[Event "RUS-chT Rapid Men 2018"]
[Site "Sochi"]
[Date "2018.10.08"]
[Round "3"]
[White "Moiseenko, Vadim"]
[Black "Kostin, Alexey"]
[Result "1-0"]
[WhiteElo "2492"]
[BlackElo "2253"]
[Annotator "TA"]
[PlyCount "91"]
[EventDate "2018.10.05"]
[EventType "swiss"]
[EventCountry "RUS"]
[SourceTitle "playchess.com"]
[Source "ChessBase"]
[SourceQuality "1"]

{[%evp 12,91,-2,-2,21,2,10,15,24,6,17,6,10,6,8,-14,46,5,17,0,0,0,0,0,0,-7,0,-4,0,0,-13,-9,0,0,18,-23,-5,-14,87,81,57,66,143,134,206,204,202,203,260,261,349,359,370,349,363,347,388,326,368,313,376,368,412,349,360,360,343,345,631,631,612,605,29985,29986,29985,12842,12842,12843,12843,12843,12844,12844]} 1. Nf3 Nf6 2. b3 d6 3. Bb2 e5 4. c4 g6 5. g3 Bg7 6. Bg2 O-O 7. O-O Qe7 {A15: English Opening: 1...Nf6} (7... Re8 8. Nc3 e4 9. Nd4 c6 10. e3 Na6 11. d3 exd3 12. Qxd3 Nc5 13. Qc2 a5 14. a3 h5 15. h3 Bd7 16. b4 {1-0 (31) Karjakin,S (2782)-Mamedyarov,S (2808) Stavanger 2018}) 8. d3 Nbd7 9. Nc3 $146 ({Predecessor:} 9. Nbd2 Ne8 10. Rc1 f5 11. Ne1 Nef6 12. Nc2 c6 13. b4 Bh6 14. Rb1 f4 15. a4 fxg3 16. fxg3 {0-1 (78) Slomski,A (1859)-Witek,P (1892) Ursus 2006}) 9... Re8 {The position is equal.} 10. a3 a5 11. b4 c6 12. Qc2 Nb6 13. Nd2 d5 (13... h5 $11) 14. cxd5 Nbxd5 15. b5 Nxc3 16. Bxc3 cxb5 17. Rfb1 Bd7 18. Bxb7 Rab8 19. Bg2 b4 20. axb4 axb4 {[#] Strongly threatening ...Qc5.} 21. Bb2 Rec8 22. Qd1 Bc6 23. Nf3 Nd5 24. Qb3 h6 (24... Nc7 $11) 25. Nxe5 $1 $16 Bxe5 26. Bxd5 Be8 (26... Bxd5 $14 27. Qxd5 Bg7) 27. Ra6 $36 {[%mdl 2048] Hoping for Rxg6+. White is really pushing.} Kg7 (27... Bxb2 $16 {was called for.} 28. Qxb2 Kh7) 28. Re6 $18 fxe6 29. Bxe5+ Kh7 30. Bxe6 {[%csl Gb3][%cal Re6g8] [#]} Bc6 31. Bxb8 Rxb8 32. Rc1 Qd6 33. e4 Be8 34. Ra1 Qc5 35. Kg2 Bc6 36. Ra2 Qd4 37. Rc2 Rb6 38. Bg8+ Kh8 39. Qf7 {[%csl Gg8][%cal Rf7h7]} Bxe4+ $2 (39... Qg7 40. Qxg7+ Kxg7) 40. dxe4 Qxe4+ 41. Kh3 {[%csl Gg8][%cal Rf7h7]} Rb7 42. Qf6+ Rg7 43. Rc7 (43. Rc8 $142 Qb7 44. Rd8 Qe7 45. Bf7+ Qxd8 46. Qxd8+ Kh7 47. Bd5 h5 48. Qf8) 43... Qf5+ {White is clearly winning.} 44. Qxf5 gxf5 45. Rxg7 Kxg7 46. Bb3 {Precision: White = 59%, Black = 20%.} 1-0